000 00552nam a2200169 4500
001 138799
003 ES-MaACL
005 20230906195635.0
007 t|
008 070214s1963 sp r ||||1| spa d
100 1 _aSantos Marqués, José dos.
_9103514
245 1 0 _aQuiero ser libre para amar /
_cJosé dos Santos Marqués ; traducción, Carlo Antonio Castro.
260 _aBilbao :
_b[s. n.],
_c1963 (
_fGráf. Castillo)
300 _a36 p. :
_bil. ;
_c23 cm.
700 1 _aCastro, Carlo Antonio.
_936836
852 _aES-MaACL
_j2032-F-17
_bR.52758
999 _c138799
_d138799